000 00471nam a2200193Ia 4500
005 20250425162459.0
008 250425s9999 xx 000 0 und d
020 _a087891532X
041 _aafr
082 _a541
245 0 _aTHE PHYSICAL CHEMISTRY PROBLEM SOLVER
250 _aS.E.
260 _aEstados Unidos
_bRESEARCH AND EDUCATION ASSOCIATION
_c1988
260 _aNEW YORK
300 _a787
650 _aQUIMICA FISICA
942 _c01
010 _a76973
999 _c230125
_d230125